02024cam a22003134a 4500001000500000005001700005020001800022040002300040050002400063082001800087100001800105245010000123250001800223260003300241300004700274505000800321520056800329521002200897521002000919650006800939700004601007906004501053942001501098999001501113952014701128952014901275952014901424952013701573168020250805081341.0 a9780439930635 aDLCcDLCdDLCbeng00aGV1132.A4bB65 200400a796.83aB2221 aBolden, Tonya14aThe champ :bthe story of Muhammad Ali /cby Tonya Bolden ; illustrated by R. Gregory Christie. aFirst Edition aNew York :bScholasticc2004 a34 pages : bcolor illustrations ;c29 cm  aR  aMuhammad Ali is one of the world's best-known figures, and this incredible biography delves into precisely why. From his unlikely beginnings as a skinny, young Cassius Clay learning to box at a local gym to becoming the heavyweight champion of the world at the famous "Rumble in the Jungle," where even the skies let loose with rain right after his victory, Ali has captivated the world. Tonya Bolden's careful research and elegant telling, paired with R. Gregory Christie's incredible paintings, make this a book that will inform and inspire readers of all ages. a760 bLexile AD  aR bRaz-Plus  0aBoxers (Sports)zUnited StatesvBiographyvJuvenile literature.1 aChristie, R. Gregoryd1971-eillustrator  a7bcbccorignewd1eecipf20gy-gencatlg 2ddccBKn0 c1680d1680 00102ddc40708NFICa002b002cTTP Oranged2023-09-14l2oBOL 796.83 GV1132.A4pFIS05540r2024-01-29 13:18:49s2024-01-22t1w2023-09-14yBK 00102ddc40708NFICa002b002cTTP Oranged2023-09-14l3oBOL 796.83 GV1132.A4pFISSE01688r2024-03-19 10:28:17s2024-03-12t2w2023-09-14yBK 00102ddc40708NFICa002b002cTTP Oranged2023-09-14l1oBOL 796.83 GV1132.A4pFISTK05538r2025-10-22 10:39:18s2025-10-08t3w2023-09-14yBK 00102ddc40708NFICa002b002cTTP Oranged2025-08-05l0oBOL 796.83 GV1132.A4pFISTK05583r2025-08-05 08:15:42t4w2025-08-05yBK